[Event "chess.com SpeedChess 2024"]
[Site "chess.com INT"]
[Date "2024.08.06"]
[Round "2.15"]
[Board "15"]
[White "Firouzja, Alireza"]
[Black "Caruana, Fabiano"]
[Result "1-0"]
[WhiteTitle "GM"]
[BlackTitle "GM"]
[WhiteElo "2744"]
[BlackElo "2796"]
[WhiteFideId "12573981"]
[BlackFideId "2020009"]
[EventDate "2024.07.25"]
[EventType "k.o."]

1. e4 c5 2. Nf3 d6 3. d4 cxd4 4. Nxd4 Nf6 5. Nc3 a6 6. h3 e6 7. g4 Be7 8. g5
Nfd7 9. h4 b5 10. a3 Bb7 11. Be3 Nc6 12. f4 h6 13. Rh3 Nc5 14. Qe2 Qc7 15. O-O-O
O-O-O 16. b4 Nd7 17. g6 Nxd4 18. Bxd4 fxg6 19. Qg4 Bf6 20. Qxe6 Kb8 21. Nd5 Bxd5
22. Qxd5 Nb6 23. Bxb6 Qxb6 24. Rhd3 Rhe8 25. Bg2 Ka7 26. Kb1 g5 27. e5 dxe5 28.
Qf7+ Kb8 29. Rd7 Rxd7 30. Rxd7 Rd8 31. Rb7+ Kc8 1-0

[Event "chess.com SpeedChess 2024"]
[Site "chess.com INT"]
[Date "2024.08.06"]
[Round "2.16"]
[Board "16"]
[White "Caruana, Fabiano"]
[Black "Firouzja, Alireza"]
[Result "0-1"]
[WhiteTitle "GM"]
[BlackTitle "GM"]
[WhiteElo "2796"]
[BlackElo "2744"]
[WhiteFideId "2020009"]
[BlackFideId "12573981"]
[EventDate "2024.07.25"]
[EventType "k.o."]

1. c4 g6 2. Nc3 Bg7 3. e4 d6 4. d4 Nf6 5. Nf3 O-O 6. Be2 e5 7. O-O Na6 8. Be3
Qe7 9. Re1 c6 10. d5 Ng4 11. Bg5 f6 12. Bh4 h5 13. Nd2 Nh6 14. f3 Nf7 15. a3 c5
16. Rb1 Bh6 17. Bf2 f5 18. b4 b6 19. Nf1 h4 20. exf5 gxf5 21. Bd3 Qf6 22. Nb5
Kh8 23. Be3 Rg8 24. Bxh6 Qxh6 25. Rb2 Bd7 26. Kh1 Rg7 27. Rf2 Rag8 28. Bc2 cxb4
29. axb4 Nxb4 30. Bb1 a5 31. f4 Bxb5 32. cxb5 exf4 33. Qd4 Ne5 34. Bxf5 f3 35.
Ne3 Qh5 36. Bh3 Nbd3 37. Ref1 Nxf2+ 38. Rxf2 fxg2+ 39. Nxg2 Qg5 40. Rf4 Rh7 41.
Qxb6 Qg6 42. Qxa5 Qb1+ 43. Qe1 Qxb5 44. Rxh4 Qxd5 45. Bf5 Rxh4 46. Qxh4+ Kg7 47.
Qe7+ Nf7 48. h3 Qxf5 0-1

[Event "chess.com SpeedChess 2024"]
[Site "chess.com INT"]
[Date "2024.08.06"]
[Round "2.17"]
[Board "17"]
[White "Firouzja, Alireza"]
[Black "Caruana, Fabiano"]
[Result "1-0"]
[WhiteTitle "GM"]
[BlackTitle "GM"]
[WhiteElo "2744"]
[BlackElo "2796"]
[WhiteFideId "12573981"]
[BlackFideId "2020009"]
[EventDate "2024.07.25"]
[EventType "k.o."]

1. e4 c5 2. Nf3 e6 3. d4 cxd4 4. Nxd4 a6 5. c4 Nf6 6. Nc3 Qc7 7. a3 b6 8. Be3
Bb7 9. f3 Nc6 10. Be2 Bc5 11. b4 Bxd4 12. Bxd4 Nxd4 13. Qxd4 d6 14. O-O O-O 15.
Rfd1 Rfd8 16. Na4 b5 17. cxb5 axb5 18. Rac1 Qb8 19. Bxb5 Bxe4 20. Nb6 e5 21. Qf2
Rxa3 22. Bf1 Bg6 23. b5 d5 24. Qc5 Rb3 25. Nxd5 Nxd5 26. Rxd5 Re8 27. Rxe5 h5
28. Rxe8+ Qxe8 29. Bc4 Rb2 30. Qd4 Rb4 31. h4 Kh7 32. Qc3 Qe7 33. Bf1 Rxh4 34.
Qc5 Qf6 35. b6 Qb2 36. Rd1 Rb4 37. Rd6 Qb1 38. Qe3 Rb3 39. Qd4 Rb2 40. Qe3 Rb4
41. Kf2 Qa1 42. Be2 Rb2 43. Qd4 Rxe2+ 44. Kxe2 Qxd4 45. Rxd4 1-0

[Event "chess.com SpeedChess 2024"]
[Site "chess.com INT"]
[Date "2024.08.06"]
[Round "2.18"]
[Board "18"]
[White "Caruana, Fabiano"]
[Black "Firouzja, Alireza"]
[Result "0-1"]
[WhiteTitle "GM"]
[BlackTitle "GM"]
[WhiteElo "2796"]
[BlackElo "2744"]
[WhiteFideId "2020009"]
[BlackFideId "12573981"]
[EventDate "2024.07.25"]
[EventType "k.o."]

1. d4 Nf6 2. Nf3 c5 3. dxc5 e6 4. Nc3 Bxc5 5. g3 d5 6. Bg2 Nc6 7. O-O O-O 8. Bg5
h6 9. Bxf6 Qxf6 10. e3 Rd8 11. Nb5 Qxb2 12. Rb1 Qf6 13. Qe2 Bd7 14. c4 dxc4 15.
Qxc4 b6 16. Rfd1 Rac8 17. Qe4 a6 18. Nd6 Rb8 19. h4 e5 20. Qd5 Bf5 21. Rxb6 Rxd6
22. Rxb8+ Nxb8 0-1

[Event "chess.com SpeedChess 2024"]
[Site "chess.com INT"]
[Date "2024.08.06"]
[Round "2.19"]
[Board "19"]
[White "Firouzja, Alireza"]
[Black "Caruana, Fabiano"]
[Result "0-1"]
[WhiteTitle "GM"]
[BlackTitle "GM"]
[WhiteElo "2744"]
[BlackElo "2796"]
[WhiteFideId "12573981"]
[BlackFideId "2020009"]
[EventDate "2024.07.25"]
[EventType "k.o."]

1. e4 e5 2. Nf3 Nc6 3. Bb5 a6 4. Ba4 Nf6 5. Bxc6 dxc6 6. d3 Bd6 7. Nbd2 Bg4 8.
h3 Bh5 9. Nc4 Nd7 10. g4 Bg6 11. Bg5 f6 12. Be3 Nf8 13. Nh4 Ne6 14. Nf5 Qd7 15.
Nfxd6+ cxd6 16. Nb6 Qd8 17. Nxa8 Qxa8 18. Qd2 O-O 19. f4 exf4 20. Bxf4 d5 21.
exd5 cxd5 22. O-O-O Qc8 23. Rhe1 Qc6 24. Kb1 Bf7 25. Bg3 Rc8 26. c3 Ng5 27. Qg2
h6 28. Bf4 Ne6 29. Bc1 Qb5 30. Qc2 a5 31. h4 a4 32. g5 hxg5 33. hxg5 fxg5 34.
Re5 g4 35. Rg1 Nd4 36. c4 Qd7 37. Qg2 Nf3 38. Rg5 Nxg5 39. Bxg5 dxc4 40. Qxg4
Qxg4 41. Rxg4 cxd3 42. Rxa4 Bg6 43. Bd2 Rc2 0-1

[Event "chess.com SpeedChess 2024"]
[Site "chess.com INT"]
[Date "2024.08.06"]
[Round "2.20"]
[Board "20"]
[White "Caruana, Fabiano"]
[Black "Firouzja, Alireza"]
[Result "1-0"]
[WhiteTitle "GM"]
[BlackTitle "GM"]
[WhiteElo "2796"]
[BlackElo "2744"]
[WhiteFideId "2020009"]
[BlackFideId "12573981"]
[EventDate "2024.07.25"]
[EventType "k.o."]

1. d4 Nf6 2. Nf3 d5 3. c4 e6 4. e3 Bd6 5. Nc3 O-O 6. Bd3 b6 7. cxd5 exd5 8. O-O
c5 9. Ne5 Re8 10. f4 Ba6 11. Bxa6 Nxa6 12. Bd2 Nc7 13. Be1 cxd4 14. exd4 Ne4 15.
Qf3 Nxc3 16. Bxc3 f6 17. Ng4 Qd7 18. f5 Re4 19. Rae1 Rae8 20. g3 a5 21. Nf2 Rxe1
22. Rxe1 Rxe1+ 23. Bxe1 Qa4 24. Qc3 h6 25. a3 Qe8 26. Bd2 Kh7 27. Qd3 Qb5 28.
Qxb5 Nxb5 29. Be3 h5 30. Kf1 g6 31. fxg6+ Kxg6 32. Ke2 Kf5 33. Kf3 a4 34. h3 Na7
35. g4+ hxg4+ 36. Nxg4 Nc6 37. h4 Na5 38. h5 Nc4 39. Bc1 b5 40. Nf2 Bf8 41. Nd3
Nb6 42. Nc5 Nc4 43. Nd7 Be7 44. Nc5 Bxc5 45. dxc5 Ne5+ 46. Ke3 Nc6 47. Kd3 Ke6
48. Ke3 Kf7 49. Kf4 Kg7 50. Kf5 Kf7 51. Be3 Ne7+ 52. Kf4 Nc6 53. Bd2 Ke6 54. h6
Kf7 55. h7 Kg7 56. Bc3 Kxh7 57. Kf5 d4 58. Bd2 Kg7 59. Ke6 d3 60. Kd6 Ne5 61. c6
Nc4+ 62. Ke6 Nxd2 63. c7 Nc4 64. c8=Q d2 65. Qd7+ Kh6 66. Kxf6 Kh5 67. Qd4 Nxb2
68. Qxd2 1-0

[Event "chess.com SpeedChess 2024"]
[Site "chess.com INT"]
[Date "2024.08.06"]
[Round "2.21"]
[Board "21"]
[White "Firouzja, Alireza"]
[Black "Caruana, Fabiano"]
[Result "1-0"]
[WhiteTitle "GM"]
[BlackTitle "GM"]
[WhiteElo "2744"]
[BlackElo "2796"]
[WhiteFideId "12573981"]
[BlackFideId "2020009"]
[EventDate "2024.07.25"]
[EventType "k.o."]

1. e4 c5 2. Nf3 e6 3. d4 cxd4 4. Nxd4 Nc6 5. Nc3 a6 6. Nxc6 bxc6 7. Bd3 d5 8.
Qg4 Nf6 9. Qg3 g6 10. Bg5 h6 11. Bd2 Bg7 12. h4 Nh5 13. Qf3 d4 14. Ne2 e5 15.
Bc4 O-O 16. g4 Nf6 17. g5 Nh5 18. gxh6 Bf6 19. Ng3 Nf4 20. Bxf4 exf4 21. Qxf4 d3
22. cxd3 Bxb2 23. Rb1 Bd4 24. h5 g5 25. Qf3 Be6 26. Nf5 Be5 27. O-O Kh7 28. Kg2
g4 29. Qe3 Bxc4 30. dxc4 Qf6 31. Rbd1 Rad8 32. c5 Rg8 33. Rxd8 Rxd8 34. Rb1 Bd4
35. Qe2 Bxc5 36. Rd1 Rxd1 37. Qxd1 Qb2 38. Qxg4 Qxf2+ 39. Kh3 Qf1+ 40. Qg2 Qxg2+
41. Kxg2 Bf8 42. Kf3 Bxh6 43. Ke2 Bf8 44. Kd3 f6 45. Kc4 Kg8 46. Nd4 Kh7 47.
Nxc6 Kh6 48. Nb8 Kxh5 49. Nxa6 Kg4 50. a4 f5 51. exf5 Kxf5 52. Kd5 Be7 53. Nc5
Bd8 54. Nb7 Bb6 55. Kc6 Ba7 56. a5 Ke6 57. a6 Ke7 58. Nd6 Kd8 59. Kb7 Bg1 60.
Nc8 1-0

[Event "chess.com SpeedChess 2024"]
[Site "chess.com INT"]
[Date "2024.08.06"]
[Round "2.22"]
[Board "22"]
[White "Caruana, Fabiano"]
[Black "Firouzja, Alireza"]
[Result "1-0"]
[WhiteTitle "GM"]
[BlackTitle "GM"]
[WhiteElo "2796"]
[BlackElo "2744"]
[WhiteFideId "2020009"]
[BlackFideId "12573981"]
[EventDate "2024.07.25"]
[EventType "k.o."]

1. c4 g6 2. Nf3 Bg7 3. g3 c6 4. Bg2 d5 5. O-O dxc4 6. a4 h6 7. Na3 Be6 8. Qc2
Qd5 9. Ne1 Qc5 10. d3 c3 11. Rb1 Ba2 12. bxc3 Bxb1 13. Qxb1 Qb6 14. Qa2 Nd7 15.
Nc4 Qa6 16. Nc2 c5 17. Qb3 Rb8 18. N2a3 Qf6 19. Nb5 g5 20. Bd2 a6 21. Nc7+ Kf8
22. Rb1 h5 23. Bxb7 h4 24. Nxa6 hxg3 25. hxg3 Rd8 26. Qb5 Qh6 27. Nxc5 Ndf6 28.
Bg2 Qh2+ 29. Kf1 Nh6 30. Bxg5 Nf5 31. Qb6 Re8 32. a5 Rh5 33. Bxf6 Bxf6 34. Ne4
Kg7 35. a6 Rh6 36. Qb5 Nxg3+ 37. Nxg3 Rg8 38. a7 Rg6 39. a8=Q Rxa8 40. Bxa8 Bh4
41. Qh5 Rf6 42. Bf3 1-0

[Event "chess.com SpeedChess 2024"]
[Site "chess.com INT"]
[Date "2024.08.06"]
[Round "2.23"]
[Board "23"]
[White "Firouzja, Alireza"]
[Black "Caruana, Fabiano"]
[Result "1/2-1/2"]
[WhiteTitle "GM"]
[BlackTitle "GM"]
[WhiteElo "2744"]
[BlackElo "2796"]
[WhiteFideId "12573981"]
[BlackFideId "2020009"]
[EventDate "2024.07.25"]
[EventType "k.o."]

1. d4 Nf6 2. c4 e6 3. Nc3 Bb4 4. Nf3 b6 5. Qb3 c5 6. a3 Ba5 7. Bg5 Nc6 8. d5 Nd4
9. Nxd4 cxd4 10. Qc2 h6 11. Bh4 dxc3 12. b4 exd5 13. cxd5 O-O 14. bxa5 d6 15.
Qxc3 Nxd5 16. Qd4 Ne7 17. axb6 axb6 18. e3 Nf5 19. Bxd8 Nxd4 20. exd4 Rxd8 21.
Bb5 Bd7 22. Bxd7 Rxd7 23. Kd2 Ra4 24. Rhb1 Rxd4+ 25. Ke3 Ra4 26. Rxb6 Rda7 27.
Rxd6 Rxa3+ 28. Rxa3 Rxa3+ 29. Rd3 Ra2 1/2-1/2

[Event "chess.com SpeedChess 2024"]
[Site "chess.com INT"]
[Date "2024.08.07"]
[Round "2.1"]
[Board "1"]
[White "So, Wesley"]
[Black "Niemann, Hans Moke"]
[Result "1/2-1/2"]
[WhiteTitle "GM"]
[BlackTitle "GM"]
[WhiteElo "2757"]
[BlackElo "2703"]
[WhiteFideId "5202213"]
[BlackFideId "2093596"]
[EventDate "2024.07.25"]
[EventType "k.o."]

1. e4 e5 2. Nf3 Nc6 3. Bb5 Nf6 4. d3 d6 5. O-O Be7 6. Re1 O-O 7. c3 Bd7 8. Nbd2
Re8 9. Nf1 h6 10. Ng3 Bf8 11. h3 Ne7 12. Bc4 c6 13. d4 exd4 14. cxd4 d5 15. e5
dxc4 16. exf6 gxf6 17. Bd2 Nf5 18. Rxe8 Qxe8 19. Nh5 Qe6 20. d5 cxd5 21. Bc3 Bg7
22. Qd2 d4 23. Nxd4 Nxd4 24. Qxd4 Bc6 25. Re1 Qf5 26. Nxg7 Kxg7 27. Re3 Re8 28.
Rg3+ Kh7 29. Qxc4 Bd5 30. Qd4 a6 31. Qh4 Rg8 32. Rxg8 Kxg8 33. Qxh6 Qb1+ 34. Kh2
Qf1 35. f3 Bxf3 36. Qd2 Bc6 37. a3 Kh7 38. Ba5 Be4 39. Bb6 Kg6 40. Bc5 Bc6 41.
Bf8 Kf5 42. Qc2+ Be4 43. Qc8+ Ke5 44. Qb8+ Kd4 45. Qg3 Kd5 46. Bb4 Kc4 47. Qc3+
Kd5 48. Qc5+ Ke6 49. Qc8+ Ke5 50. Qe8+ Kf5 51. Qd7+ Kf4 52. Qc7+ Kf5 53. Qg3 Qf4
54. Qxf4+ Kxf4 55. Bd2+ Kf5 56. Bc3 Kg6 57. Kg3 Bc6 58. Kf2 f5 59. g3 Bd5 60. h4
Bc6 61. Ke3 Bd5 62. Kf4 Bc6 63. Bd4 Bd5 64. Bc3 Bc6 65. Ke5 Bb5 66. Bd2 Bc6 67.
Bf4 Bb5 68. Be3 Bc6 69. Bf4 Bh1 70. Be3 Bg2 71. Bf4 Bh1 72. Be3 Bg2 73. Bf4 Bh1 1/2-1/2

[Event "chess.com SpeedChess 2024"]
[Site "chess.com INT"]
[Date "2024.08.07"]
[Round "2.2"]
[Board "2"]
[White "Niemann, Hans Moke"]
[Black "So, Wesley"]
[Result "1-0"]
[WhiteTitle "GM"]
[BlackTitle "GM"]
[WhiteElo "2703"]
[BlackElo "2757"]
[WhiteFideId "2093596"]
[BlackFideId "5202213"]
[EventDate "2024.07.25"]
[EventType "k.o."]

1. e4 e5 2. Nf3 Nc6 3. Bc4 Nf6 4. d3 Bc5 5. O-O d6 6. c3 O-O 7. h3 a6 8. Re1 Ba7
9. a4 h6 10. Nbd2 Re8 11. Nf1 Be6 12. Bxe6 Rxe6 13. b4 d5 14. Qc2 Qd7 15. Rb1
Rd8 16. b5 Ne7 17. Ng3 Ng6 18. c4 dxc4 19. dxc4 Bc5 20. Be3 Bxe3 21. Rxe3 Rd6
22. c5 Rd1+ 23. Kh2 Rxb1 24. Qxb1 a5 25. Qe1 b6 26. Qc3 Qd1 27. Nxe5 Qxa4 28.
Nxg6 fxg6 29. e5 Nd5 30. Qd3 Qf4 31. Re4 Qxf2 32. e6 Qxc5 33. e7 Re8 34. Re5 Kh7
35. Rxd5 Qxe7 36. Rd4 Rf8 37. Rg4 Rf6 38. Rd4 Qe5 39. Rd5 Qf4 40. Rd4 Qe5 41.
Re4 Qc5 42. Qd8 Rf8 43. Qd7 Qd6 44. Qxd6 cxd6 45. Rd4 Ra8 46. Rxd6 a4 47. Rd2 a3
48. Ra2 Ra5 49. Ne2 g5 50. Nc3 h5 51. Kg3 Kg6 52. Kf3 Kf5 53. Ke3 Ke5 54. Rf2
Kd6 55. Kd4 Ke6 56. Kc4 Ke5 57. Kb4 Kd4 58. Na4 Ke3 59. Ra2 Kf4 60. Nxb6 Ra7 61.
Nc4 1-0

[Event "chess.com SpeedChess 2024"]
[Site "chess.com INT"]
[Date "2024.08.07"]
[Round "2.3"]
[Board "3"]
[White "So, Wesley"]
[Black "Niemann, Hans Moke"]
[Result "0-1"]
[WhiteTitle "GM"]
[BlackTitle "GM"]
[WhiteElo "2757"]
[BlackElo "2703"]
[WhiteFideId "5202213"]
[BlackFideId "2093596"]
[EventDate "2024.07.25"]
[EventType "k.o."]

1. e4 e5 2. Nf3 Nc6 3. Bb5 Nf6 4. d3 Bc5 5. c3 O-O 6. O-O Re8 7. Nbd2 a6 8. Bxc6
dxc6 9. Nc4 Bd6 10. Bg5 Qe7 11. d4 Qe6 12. dxe5 Qxc4 13. exd6 Bg4 14. Bxf6 gxf6
15. dxc7 Qxe4 16. Re1 Qxe1+ 17. Qxe1 Rxe1+ 18. Nxe1 Rc8 19. f3 Bf5 20. Rd1 Rxc7
21. Kf2 Re7 22. g3 Be6 23. a3 Bc4 24. Rd2 Re5 25. Ng2 a5 26. Ne3 Be6 27. f4 Rb5
28. g4 a4 29. f5 Ba2 30. Kf3 Kg7 31. Kf4 h6 32. h4 Bb1 33. Nf1 h5 34. Ng3 hxg4
35. Kxg4 Re5 36. Rd8 Rb5 37. Nh5+ Kh7 38. Nxf6+ Kh6 39. Rd2 Bxf5+ 40. Kg3 Be6
41. Ne8 Re5 42. Nd6 b5 43. Rf2 Kg7 44. Ne8+ Kg6 45. Nf6 Re3+ 46. Kg2 Bh3+ 47.
Kh2 Bf5 48. Ng8 Re8 49. h5+ Kg5 50. h6 Bg6 0-1

[Event "chess.com SpeedChess 2024"]
[Site "chess.com INT"]
[Date "2024.08.07"]
[Round "2.4"]
[Board "4"]
[White "Niemann, Hans Moke"]
[Black "So, Wesley"]
[Result "1-0"]
[WhiteTitle "GM"]
[BlackTitle "GM"]
[WhiteElo "2703"]
[BlackElo "2757"]
[WhiteFideId "2093596"]
[BlackFideId "5202213"]
[EventDate "2024.07.25"]
[EventType "k.o."]

1. e4 e5 2. Nf3 Nc6 3. Bc4 Nf6 4. d3 Bc5 5. c3 d6 6. O-O O-O 7. Re1 a5 8. h3 h6
9. Bb3 Be6 10. Ba4 Ba7 11. Nbd2 Rb8 12. Bb5 Ne7 13. d4 Ng6 14. Nf1 exd4 15. cxd4
d5 16. e5 Ne4 17. Ng3 Nxg3 18. fxg3 f6 19. Kh2 Bf5 20. Bd3 fxe5 21. dxe5 c6 22.
Bxf5 Rxf5 23. Qd3 Ne7 24. Bf4 Qf8 25. e6 Rxf4 26. gxf4 Qxf4+ 27. g3 Qd6 28. Ne5
Rf8 29. Nf7 Qb4 30. Re2 c5 31. Rf1 c4 32. Qf3 Rc8 33. Nxh6+ gxh6 34. Qf7+ Kh8
35. Rf6 Be3 36. h4 d4 37. Rf3 Ng8 38. Qg6 1-0

[Event "chess.com SpeedChess 2024"]
[Site "chess.com INT"]
[Date "2024.08.07"]
[Round "2.5"]
[Board "5"]
[White "So, Wesley"]
[Black "Niemann, Hans Moke"]
[Result "1-0"]
[WhiteTitle "GM"]
[BlackTitle "GM"]
[WhiteElo "2757"]
[BlackElo "2703"]
[WhiteFideId "5202213"]
[BlackFideId "2093596"]
[EventDate "2024.07.25"]
[EventType "k.o."]

1. e4 e5 2. Nf3 Nc6 3. Bc4 Nf6 4. d3 Be7 5. O-O O-O 6. a4 a5 7. Re1 d6 8. h3 h6
9. Nbd2 Re8 10. Nf1 Bf8 11. Ng3 Be6 12. c3 Bxc4 13. dxc4 Nb8 14. c5 Na6 15. cxd6
Qxd6 16. Be3 Qxd1 17. Raxd1 Bc5 18. Bd2 Rad8 19. Kf1 Kh7 20. Ke2 g6 21. Nh2 Bf8
22. Be3 Bc5 23. Bc1 Bf8 24. Be3 Bc5 25. Nf3 Bxe3 26. Kxe3 Rxd1 27. Rxd1 Nc5 28.
Ra1 Nfd7 29. b4 Ne6 30. Rd1 Nef8 31. bxa5 Ra8 32. Rb1 Ra7 33. Nd2 Rxa5 34. Rxb7
Ne6 35. Rb4 Nb6 36. Nc4 Nxc4+ 37. Rxc4 c5 38. Ne2 Nd8 39. Nc1 Nb7 40. Nb3 Ra7
41. Nxc5 Nd6 42. Rb4 Rc7 43. Nd3 Rxc3 44. Kd2 Rc7 45. Nxe5 Re7 46. f4 f6 47. Nc6
Rc7 48. Na5 Ra7 49. Nb3 g5 50. g3 gxf4 51. gxf4 Kg6 52. a5 Kh5 53. Rd4 Nb5 54.
Rd5+ 1-0

[Event "chess.com SpeedChess 2024"]
[Site "chess.com INT"]
[Date "2024.08.07"]
[Round "2.6"]
[Board "6"]
[White "Niemann, Hans Moke"]
[Black "So, Wesley"]
[Result "1/2-1/2"]
[WhiteTitle "GM"]
[BlackTitle "GM"]
[WhiteElo "2703"]
[BlackElo "2757"]
[WhiteFideId "2093596"]
[BlackFideId "5202213"]
[EventDate "2024.07.25"]
[EventType "k.o."]

1. e4 c5 2. Nf3 d6 3. Bb5+ Bd7 4. Bxd7+ Qxd7 5. O-O Nc6 6. c3 d5 7. e5 e6 8. d4
Nge7 9. dxc5 Ng6 10. Be3 Ngxe5 11. Nxe5 Nxe5 12. Nd2 Rc8 13. b4 Nc6 14. b5 Nd8
15. Qg4 h5 16. Qb4 Be7 17. Nb3 O-O 18. Qa5 b6 19. cxb6 Nb7 20. Qa6 axb6 21. Qxb6
Nd6 22. a4 Nc4 23. Qa7 Rc7 24. Qd4 Bf6 25. Qf4 Nxe3 26. fxe3 Rxc3 27. Na5 Ra8
28. Nc6 Rc4 29. Nd4 Rcxa4 30. Rxa4 Rxa4 31. b6 e5 32. Qf5 Qb7 33. Rc1 Rc4 34.
Rxc4 dxc4 35. Nc2 Qxb6 36. Qc8+ Kh7 37. Qxc4 Qb1+ 38. Kf2 Qh1 39. h3 Qd1 40. Ne1
Qd2+ 41. Kf1 Kg8 42. Qc8+ Kh7 43. Qf5+ Kh6 44. g4 hxg4 45. hxg4 Qh2 46. g5+ Bxg5
47. Qxg5+ Kxg5 48. Nf3+ Kf5 49. Nxh2 Ke4 50. Ke2 f5 51. Nf3 f4 52. Nd2+ Kd5 53.
e4+ Kd4 54. Kf3 g5 55. Nb3+ Kc4 56. Na5+ Kd3 57. Nc6 g4+ 58. Kxg4 Kxe4 59. Nxe5
Kxe5 60. Kf3 Kd4 61. Kxf4 1/2-1/2

[Event "chess.com SpeedChess 2024"]
[Site "chess.com INT"]
[Date "2024.08.07"]
[Round "2.7"]
[Board "7"]
[White "So, Wesley"]
[Black "Niemann, Hans Moke"]
[Result "0-1"]
[WhiteTitle "GM"]
[BlackTitle "GM"]
[WhiteElo "2757"]
[BlackElo "2703"]
[WhiteFideId "5202213"]
[BlackFideId "2093596"]
[EventDate "2024.07.25"]
[EventType "k.o."]

1. e4 e5 2. Nf3 Nc6 3. Bb5 Nf6 4. d3 Bc5 5. c3 O-O 6. O-O Re8 7. Nbd2 a6 8. Bxc6
dxc6 9. Nc4 Nd7 10. Re1 Bf8 11. a4 a5 12. d4 exd4 13. cxd4 Nb6 14. Nxb6 cxb6 15.
h3 Be6 16. Qc2 h6 17. Bd2 Qf6 18. Re3 Rad8 19. Bc3 Qg6 20. Kh1 Bd6 21. Ne5 Qh5
22. f4 f5 23. g4 fxg4 24. f5 c5 25. dxc5 Bxe5 26. Bxe5 Bf7 27. Bc3 g5 28. Qg2
Bd5 29. Rae1 Bc6 30. Qxg4 Qxg4 31. hxg4 bxc5 32. Kh2 Bxa4 33. Bxa5 Rd4 34. Bc3
Rc4 35. Kg3 Bc6 36. e5 h5 37. gxh5 Rf4 38. f6 Re6 39. Rd1 Be8 40. Rd6 Bf7 41.
Red3 Re4 42. h6 Kh7 43. Rd7 Kg6 44. Re7 Rxe7 45. fxe7 Kxh6 46. Rd8 b5 47. Rf8
Kg6 48. e8=Q Bxe8 49. Rxe8 b4 50. Bd2 Re2 51. Rd8 Rxe5 52. Kg4 Re4+ 53. Kf3 Re5
54. Be3 Kf5 55. Rf8+ Ke6 56. Rg8 Kd5 57. Bxg5 Kc4 58. Bf4 Rd5 59. Rg2 Kb3 60.
Ke4 Rd4+ 61. Ke3 Rd7 62. Be5 c4 63. Ke4 Rd3 64. Re2 Rh3 65. Bd4 c3 66. bxc3 bxc3
67. Kd5 c2 68. Re1 Rd3 69. Rc1 Rd1 70. Rxc2 Kxc2 71. Kc4 Rh1 72. Bc5 Rh4+ 73.
Kd5 Kd3 74. Bd6 Rh5+ 75. Kc6 Kc4 76. Kb7 Kb5 77. Ka8 Kb6 78. Bb8 Ra5+ 79. Ba7+
Rxa7+ 0-1

[Event "chess.com SpeedChess 2024"]
[Site "chess.com INT"]
[Date "2024.08.07"]
[Round "2.8"]
[Board "8"]
[White "Niemann, Hans Moke"]
[Black "So, Wesley"]
[Result "1-0"]
[WhiteTitle "GM"]
[BlackTitle "GM"]
[WhiteElo "2703"]
[BlackElo "2757"]
[WhiteFideId "2093596"]
[BlackFideId "5202213"]
[EventDate "2024.07.25"]
[EventType "k.o."]

1. e4 e5 2. Nf3 Nc6 3. Bc4 Nf6 4. d3 Bc5 5. c3 d6 6. O-O a5 7. Re1 O-O 8. h3 h6
9. Bb3 Re8 10. Nbd2 Be6 11. Ba4 Qb8 12. Bxc6 bxc6 13. d4 exd4 14. cxd4 Bb4 15.
a3 Bxd2 16. Qxd2 Bb3 17. e5 Nd7 18. Qf4 Bd5 19. Qg3 Re6 20. Nh4 Nf8 21. f4 Kh7
22. f5 Re8 23. f6 g6 24. Nf5 Ne6 25. Nxh6 g5 26. Nxf7 1-0

[Event "chess.com SpeedChess 2024"]
[Site "chess.com INT"]
[Date "2024.08.07"]
[Round "2.9"]
[Board "9"]
[White "So, Wesley"]
[Black "Niemann, Hans Moke"]
[Result "1-0"]
[WhiteTitle "GM"]
[BlackTitle "GM"]
[WhiteElo "2757"]
[BlackElo "2703"]
[WhiteFideId "5202213"]
[BlackFideId "2093596"]
[EventDate "2024.07.25"]
[EventType "k.o."]

1. e4 e5 2. Nf3 Nc6 3. Bb5 Nf6 4. d3 Bc5 5. c3 O-O 6. O-O Re8 7. Bg5 a6 8. Bc4
h6 9. Bh4 Bf8 10. a4 d6 11. h3 Be6 12. Nbd2 Be7 13. Bxe6 fxe6 14. Re1 Rf8 15.
Bg3 Qe8 16. d4 Nh5 17. dxe5 Nxg3 18. fxg3 Nxe5 19. Nxe5 dxe5 20. Nf3 Rd8 21. Qb3
Bc5+ 22. Kh1 Rd3 23. Rf1 Kh7 24. Qc4 Rdxf3 25. Rxf3 Rxf3 26. gxf3 Be3 27. Qxc7
Qg6 28. Qxe5 1-0

[Event "chess.com SpeedChess 2024"]
[Site "chess.com INT"]
[Date "2024.08.07"]
[Round "2.10"]
[Board "10"]
[White "Niemann, Hans Moke"]
[Black "So, Wesley"]
[Result "0-1"]
[WhiteTitle "GM"]
[BlackTitle "GM"]
[WhiteElo "2703"]
[BlackElo "2757"]
[WhiteFideId "2093596"]
[BlackFideId "5202213"]
[EventDate "2024.07.25"]
[EventType "k.o."]

1. e4 e5 2. Nf3 Nc6 3. Bc4 Nf6 4. d3 Bc5 5. c3 d6 6. O-O O-O 7. h3 Ne7 8. d4 Bb6
9. Re1 Ng6 10. Bf1 d5 11. exd5 exd4 12. c4 c6 13. b4 a5 14. c5 Ba7 15. d6 axb4
16. Qxd4 b6 17. cxb6 Bxb6 18. Qxb4 Ba5 19. Qa3 Bxh3 20. Rd1 Bg4 21. Nc3 Bb6 22.
Qb4 Rb8 23. Qc4 Be6 24. Qe2 Ng4 25. Ne4 Bd5 26. Bg5 f6 27. Bh4 Re8 28. Nfd2 Nxh4
29. Qxg4 f5 30. Qg3 fxe4 31. Nc4 Nf5 32. Qg4 Rf8 33. Rac1 Nxd6 34. Ne3 Bxe3 35.
fxe3 Qb6 36. Qg3 Nf5 37. Qg5 Nxe3 38. Re1 Nxf1+ 39. Kh1 Ne3 40. Rxe3 h6 41. Qg3
Qb2 42. Rec3 Qxa2 43. Ra3 Qb2 44. Ra7 Qxc1+ 45. Kh2 Qg5 46. Qxg5 hxg5 47. Kg3
Rf7 48. Ra3 Rc7 49. Re3 c5 50. Kg4 c4 51. Rc3 e3 52. Rxe3 c3 53. Re5 c2 54. Rxd5
c1=Q 55. Rf5 Qe3 56. Rf3 Rb4+ 57. Kh3 Rh4+ 58. Kg3 Qe1+ 0-1

[Event "chess.com SpeedChess 2024"]
[Site "chess.com INT"]
[Date "2024.08.07"]
[Round "2.11"]
[Board "11"]
[White "So, Wesley"]
[Black "Niemann, Hans Moke"]
[Result "1/2-1/2"]
[WhiteTitle "GM"]
[BlackTitle "GM"]
[WhiteElo "2757"]
[BlackElo "2703"]
[WhiteFideId "5202213"]
[BlackFideId "2093596"]
[EventDate "2024.07.25"]
[EventType "k.o."]

1. e4 e5 2. Nf3 Nc6 3. Bb5 Nf6 4. d3 Bc5 5. c3 O-O 6. O-O Re8 7. Bg5 a6 8. Bc4
h6 9. Bh4 Be7 10. h3 d6 11. Bg3 Na5 12. Bb3 Nxb3 13. axb3 Bf8 14. Nbd2 b6 15.
Re1 Bb7 16. b4 g6 17. Qc2 Bg7 18. Bh2 Qd7 19. c4 Nh7 20. c5 dxc5 21. bxc5 b5 22.
Nb3 Rad8 23. Rad1 Ng5 24. Nxg5 hxg5 25. f3 Qe6 26. d4 exd4 27. Bxc7 Rc8 28. Bg3
Red8 29. Na5 Ba8 30. b4 f5 31. exf5 Qxf5 32. Qxf5 gxf5 33. Bd6 Bd5 34. Be5 Ba8
35. Bxg7 Kxg7 36. Rd3 Kf6 37. Red1 Ke5 38. Nb3 Rd5 39. Nxd4 Rcd8 40. c6 Kf6 41.
c7 Rc8 42. Rc1 Rd7 43. Ra3 Bb7 44. Nb3 Rcxc7 45. Nc5 Re7 46. Rd1 Bc8 47. Nxa6
Ra7 48. Rda1 Be6 49. Nc5 Rxa3 50. Rxa3 Bc4 51. Kh2 Re2 52. Ra6+ Kf7 53. Ra7+ Kf6
54. Ra6+ Kf7 55. Ra7+ Kf6 56. Ra6+ 1/2-1/2